| 000 | 01075nam a22002777a 4500 | ||
|---|---|---|---|
| 003 | BLK | ||
| 005 | 20250125102105.0 | ||
| 008 | 210308b bu ||||| |||| 00| 0 bu d | ||
| 020 | _a9786192430696 | ||
| 040 | _aBLK | ||
| 041 |
_aBUL _cBUL |
||
| 080 |
_aАвстралийска литература _b821.111(94) _x-31 _z821.111(94)-31 |
||
| 100 |
_91299 _aДарк, Мини _eпърви автор |
||
| 139 |
_aДарк, Мини _bД 23 |
||
| 245 |
_aПредречено от звездите _cМини Дарк ; прев. от англ. Йолина Миланова |
||
| 260 |
_9209461 _aСофия _bПрозорец _c2020 _fСофия: Инвестпрес _n978-954-733- ; 954-8079- |
||
| 300 |
_a368 с. _c20 см |
||
| 380 | _aX | ||
| 500 | _aОриг. загл.: Star-crossed / Minnie Darke | ||
| 700 |
_aМиланова, Йолина Антонова _9363658 |
||
| 852 |
_aЦб 306847 _bЦб |
||
| 852 |
_bП _c821-31/Д 23 М |
||
| 942 |
_cKNG _n0 _s1 _01 |
||
| 944 |
_aCR _c2021-03-08 _k30529 _lДиана Гривева |
||
| 944 |
_aED _c2025-01-15 _kМ.Я. |
||
| 999 |
_c400206 _d400206 |
||